[Event "Tourn. n8410"]
[Site "www.chess-mail.com"]
[Date "2015.11.15"]
[Round "1"]
[White "Norlavuaram"]
[Black "Orhany24"]
[WhiteElo "2180"]
[BlackElo "2030"]
[Result "1-0"]
[Round "1"]
1.e4 e5
2.Ng1f3 Nb8c6
3.Bf1b5 a6
4.Bb5a4 Ng8f6
5.d3 b5
6.Ba4b3 Bf8e7
7.c3 d6
8.h3 Nc6a5
9.Bb3c2 c5
10.Nb1d2 Na5c6
11.O-O O-O
12.Rf1e1 Rf8e8
13.Nd2f1 Be7f8
14.g4 h6
15.Nf1g3 Nc6e7
16.Bc1e3 Ne7g6
17.Ng3f5 Bc8e6
18.d4 exd4
19.cxd4 cxd4
20.Nf3xd4 d5
21.exd5 Be6xd5
22.Ra1c1 Ra8c8
23.Bc2b1 Bf8b4
24.Rc1xc8 Qd8xc8
25.Re1e2 Bd5e4
26.Bb1xe4 Nf6xe4
27.a3 Bb4c5
28.Re2c2 Re8d8
29.b4 Qc8d7
30.bxc5 Ng6e5
31.c6 Ne5xc6
32.Qd1f3 Nc6xd4
33.Nf5xd4  { time }
1-0

[Event "Tourn. n8439"]
[Site "www.chess-mail.com"]
[Date "2015.11.15"]
[Round "1"]
[White "Panham"]
[Black "Hundegana"]
[WhiteElo "2150"]
[BlackElo "2030"]
[Result "0-1"]
[Round "1"]
1.e4 c5
2.Ng1f3 d6
3.Bf1b5 Bc8d7
4.Bb5xd7 Qd8xd7
5.c4 Ng8f6
6.Nb1c3 a6
7.O-O g6
8.d4 cxd4
9.Nf3xd4 Bf8g7
10.Bc1e3 O-O
11.Qd1d2 Nb8c6
12.Ra1d1 Ra8c8
13.b3 Nc6xd4
14.Be3xd4 Nf6h5
15.Bd4xg7 Kxg7
16.Nc3d5 Qd7d8
17.h3 e6
18.Nd5e3 Qd8e7
19.Qd2xd6 Qe7xd6
20.Rd1xd6 Rc8c7
21.Rf1d1 Nh5f6
22.f3 h5
23.Ne3c2 b5
24.Rd6xa6 bxc4
25.bxc4 Rc7xc4
26.Nc2e3 Rc4c3
27.Kf2 Rf8c8
28.Ra6b6 Rc3a3
29.Rd1a1 Rc8c3
30.Ke2 Rc3xe3
31.Kf2 h4
32.Rb6b2 Nf6h5
33.Ra1c1 Re3c3
34.Rc1xc3 Ra3xc3
35.Ke2 Nh5f4
36.Kd2 Rc3a3
37.Kc2 Nf4xg2
38.Kb1 Ng2f4
39.Rb2h2 Ra3xf3
{ resign }
0-1

[Event "Tourn. n8348"]
[Site "www.chess-mail.com"]
[Date "2015.11.15"]
[Round "1"]
[White "Jhw"]
[Black "Carazo"]
[WhiteElo "2039"]
[BlackElo "1860"]
[Result "1-0"]
[Round "1"]
1.Ng1f3 Nb8c6
2.c4 e5
3.e3 Ng8f6
4.Nb1c3 Bf8b4
5.Nc3d5 Nf6xd5
6.cxd5 Nc6e7
7.Nf3xe5 O-O
8.Bf1c4 d6
9.Ne5d3 a5
10.Qd1b3 Qd8e8
11.Nd3xb4 axb4
12.Qb3xb4 Ra8a4
13.Qb4b3 Ra4a5
14.d3 Ne7f5
15.Bc1d2 Ra5a8
16.e4 Nf5d4
17.Qb3c3 Nd4f5
18.O-O Nf5h4
19.Bd2g5 Nh4g6
20.f4 h6
21.f5 Ng6e5
22.Bg5h4 b5
23.Bc4b3 c6
24.d4 Ne5d7
25.Qc3xc6 Bc8a6
26.Rf1e1 Kh8
27.Qc6xd6 f6
28.Qd6e6 b4
29.d6 Qe8d8
30.Ra1c1 Ba6c8
31.e5 Nd7b6
32.Qe6e7 Rf8e8
33.Qe7xd8 Re8xd8
34.exf6 g5
35.Bh4g3 Bc8xf5
36.Bg3e5 Nb6d7
37.Re1f1 Nd7xe5
38.dxe5 Bf5g6
39.f7 Kg7
40.Rf1f6 Rd8f8
41.e6 Kxf6
42.d7 Ke7
43.Bb3d5 Ra8b8
44.Rc1c7 Rb8d8
45.Rc7b7 h5
46.Rb7xb4 h4
47.Rb4g4 Bg6f5
48.Rg4xg5 Bf5xe6
49.Rg5e5 Kd6
50.Re5xe6 Kxd7
51.Re6h6 Kc8
52.Bd5e6 Kc7
53.Rh6xh4 Kd6
54.Rh4h6 Ke5
55.Be6b3 Kf4
56.h4 Rd8d7
57.Rh6h7 Kg3
58.h5 Rd7e7
59.Kf1 Re7c7
60.Rh7g7 Kh4
61.h6 Kh5
62.h7 Kh6
63.Rg7g8 Rf8xf7
64.Bb3xf7 Rc7xf7
65.Kg1 Rf7xh7
66.b4 Rh7a7
67.Kh2 Ra7xa2
68.Rg8b8 Ra2b2
69.b5 Rb2b4
70.b6 Kh5
71.b7 Kg4
72.Rb8g8 Kf4
73.b8Q Rb4xb8
74.Rg8xb8 Kg4
75.Rb8g8 Kh4
76.g3 Kh5
77.g4 Kh6
78.Kh3 Kh7
79.Rg8g5 Kh6
80.Kh4 Kh7
81.Kh5 Kh8
82.Rg5f5 Kg7
83.g5 Kh7
84.g6 Kg7
85.Rf5f4 Kg8
86.Kh6 { resign }
1-0

[Event "Tourn. n8468"]
[Site "www.chess-mail.com"]
[Date "2015.11.15"]
[Round "1"]
[White "Raven16"]
[Black "Bojan"]
[WhiteElo "1839"]
[BlackElo "2040"]
[Result "1-0"]
[Round "1"]
1.d4 d5
2.Ng1f3 c6
3.Nb1c3 Bc8g4
4.h3 Bg4xf3
5.exf3 Nb8d7
6.Bf1d3 e5
7.dxe5 Nd7xe5
8.O-O Bf8d6
9.Rf1e1 Kd7
10.Bd3f5 Kc7
11.f4 Ne5g6
12.g3 Ng8e7
13.Bf5g4 Ne7g8
14.a3 Ng8f6
15.Bg4f3 Rh8e8
16.Bc1e3 Qd8d7
17.Bf3g2 Nf6g8
18.b4 Ng6e7
19.g4 Ne7g6
20.Qd1d4 f6
21.Nc3a4 Ng6h4
22.Bg2h1 Re8e7
23.c4 dxc4
24.Na4c5 Qd7e8
25.Qd4xc4 Ra8c8
26.Nc5e4 b6
27.b5 Kd7
28.Ne4xd6 Kxd6
29.Re1d1 Kc7
30.Bh1xc6 Qe8f8
31.Bc6d7 Kb8
32.Bd7xc8 Qf8xc8
33.Qc4xc8 Kxc8
34.Ra1c1 Kb7
35.Rd1d8 Ng8h6
36.Rc1c8 a6
37.Rc8b8 { resign }
1-0

[Event "Tourn. n8337"]
[Site "www.chess-mail.com"]
[Date "2015.11.15"]
[Round "1"]
[White "Bluetealeaf"]
[Black "Johnmcbride"]
[WhiteElo "1750"]
[BlackElo "1790"]
[Result "0-1"]
[Round "1"]
1.e4 e5
2.Ng1f3 d6
3.Bf1d3 Bc8e6
4.O-O a6
5.Nb1a3 h6
6.c3 c5
7.c4 Nb8c6
8.Qd1b3 b6
9.Bd3e2 Ng8f6
10.Nf3h4 Nf6xe4
11.Qb3e3 Ne4f6
12.d3 Nc6d4
13.b3 Bf8e7
14.Bc1d2 O-O
15.Be2f3 Ra8a7
16.Bd2c3 Nd4xf3
17.Qe3xf3 Be6g4
18.Qf3e3 Bg4d7
19.f4 Nf6g4
20.Qe3g3 Be7xh4
21.Qg3f3 exf4
22.Qf3xf4 Bd7e6
23.Ra1e1 Bh4xe1
24.Bc3xe1 g5
25.Qf4f3 Ng4e5
26.Qf3h5 Kg7
27.Be1g3 Ne5xd3
28.Rf1f3 Nd3e5
29.Rf3e3 Be6g4
30.Bg3xe5 dxe5
31.Qh5xg4 f6
32.h4 Qd8d4
33.Qg4g3 Qd4a1
34.Re3e1 Qa1xa2
35.Na3b1 Qa2c2
36.hxg5 Qc2g6
37.Nb1d2 hxg5
38.Nd2e4 Ra7d7
39.Qg3g4 Rd7d4
40.Kf2 Rf8h8
41.Ne4g3 Rd4xg4
42.Re1e3 Qg6c2
43.Kf3 Rg4f4

0-1

[Event "Tourn. n8336"]
[Site "www.chess-mail.com"]
[Date "2015.11.15"]
[Round "1"]
[White "Julianlore"]
[Black "Loper10"]
[WhiteElo "2560"]
[BlackElo "2600"]
[Result "1-0"]
[Round "1"]
1.e4 c5
2.Ng1f3 d6
3.d4 cxd4
4.Nf3xd4 Ng8f6
5.Nb1c3 a6
6.Bc1e3 e5
7.Nd4b3 Bc8e6
8.f3 Bf8e7
9.Qd1d2 O-O
10.O-O-O Nb8d7
11.g4 b5
12.g5 b4
13.gxf6 bxc3
14.Qd2xc3 Nd7xf6
15.Nb3a5 Ra8c8
16.Na5c6 Qd8c7
17.Nc6xe7 Qc7xe7
18.Qc3a5 Rc8c6
19.Kb1 Rf8c8
20.Rh1g1 g6
21.b3 Nf6h5
22.Rg1g2 Be6h3
23.Rg2d2 Bh3xf1
24.Rd1xf1 Qe7f6
25.c4 Nh5f4
26.Qa5b4 Rc8d8
27.Rd2d1 Rd8d7
28.Be3c1 Kg7
29.Bc1a3 h5
30.Rd1d2 Nf4h3
31.Qb4c3 Rd7e7
32.Rf1d1 Re7e6
33.Ka1 h4
34.Rd2d5 Nh3f2
35.Rd1f1 Nf2h3
36.Qc3b4 Qf6d8
37.Rf1d1 Nh3f2
38.Rd1d2 Nf2h3
39.Kb1 Nh3g5
40.Rd2d3 Ng5h3
41.Rd3d1 Qd8f6
42.Qb4b7 Rc6c5
43.Ba3xc5 dxc5
44.Rd1f1 Qf6f4
45.Qb7c8 Qf4xh2
46.Qc8xc5 Qh2e2
47.Rd5d1 Re6e8
48.Qc5c6 Re8e6
49.Qc6d5 Nh3f2
50.Rd1e1 Qe2xf3
51.c5 g5
52.Qd5d2 Qf3d3
53.Kc1 Qd3xd2
54.Kxd2 Nf2h3
55.Re1c1 Nh3f4
56.Ke3 Re6c6
57.b4 Nf4e6
58.a4 Rc6c8
59.c6 Ne6c7
60.Rc1d1 Nc7e6
61.b5 { resign }
1-0

[Event "Tourn. n8400"]
[Site "www.chess-mail.com"]
[Date "2015.11.15"]
[Round "1"]
[White "Azulmarino"]
[Black "Iko"]
[WhiteElo "1710"]
[BlackElo "1640"]
[Result "1-0"]
[Round "1"]
1.e4 e5
2.Ng1f3 d6
3.Bf1c4 Ng8f6
4.Nb1c3 Bc8g4
5.d3 Nb8c6
6.h3 Bg4xf3
7.Qd1xf3 Nc6d4
8.Qf3d1 h5
9.Bc1g5 b5
10.Bc4b3 g6
11.Nc3d5 Bf8e7
12.c3 Nd4xb3
13.Qd1xb3 a5
14.Qb3xb5 Nf6d7
15.Bg5xe7 Qd8b8
16.Qb5c6 Rh8h6
17.Nd5f6 Kxe7
18.Nf6xd7 Qb8xb2
19.O-O Qb2d2
20.Ra1b1 Qd2xa2
21.Qc6xa8 Kxd7
22.Rb1b8 g5
23.Rb8d8 Ke7
24.Rd8e8 Kd7
25.Qa8d8 Kc6
26.Qd8b8 a4
27.Rf1b1 Rh6f6
28.Qb8b5 
1-0

[Event "Tourn. n8459"]
[Site "www.chess-mail.com"]
[Date "2015.11.15"]
[Round "1"]
[White "Amaya"]
[Black "Estonia"]
[WhiteElo "2050"]
[BlackElo "2090"]
[Result "1-0"]
[Round "1"]
1.d4 Ng8f6
2.e3 e6
3.Bf1d3 d5
4.Nb1d2 c5
5.c3 Nb8c6
6.f4 Bc8d7
7.Ng1f3 cxd4
8.cxd4 Bf8b4
9.O-O Qd8c7
10.Nf3e5 Nc6xe5
11.fxe5 Nf6g8
12.Qd1h5 g6
13.Qh5g5 Bb4e7
14.Qg5f4 f5
15.b3 g5
16.Qf4f3 O-O-O
17.a4 g4
18.Qf3e2 h5
19.Bc1b2 Kb8
20.Ra1c1 Bd7c6
21.Bd3b5 Qc7b6
22.Bb5xc6 bxc6
23.Rc1c2 c5
24.Rf1b1 cxd4
25.Bb2xd4 Qb6b7
26.Rb1c1 Ng8h6
27.Rc2c7 Qb7xc7
28.Rc1xc7 Kxc7
29.Bd4xa7 Be7g5
30.a5 f4
31.Qe2b5 Rd8f8
32.Ba7b6 Kc8
33.Qb5c6 Kb8
34.Qc6c7 Ka8
35.Qc7a7 
1-0

[Event "Tourn. n8485"]
[Site "www.chess-mail.com"]
[Date "2015.11.15"]
[Round "1"]
[White "Yangqi"]
[Black "Masteratches"]
[WhiteElo "2600"]
[BlackElo "2300"]
[Result "1/2-1/2"]
[Round "1"]
1.e4 c5
2.Nb1c3 Nb8c6
3.f4 g6
4.Bf1b5 Nc6d4
5.Bb5d3 Bf8g7
6.Ng1f3 d6
7.Nf3xd4 cxd4
8.Nc3e2 Ng8f6
9.O-O O-O
10.Qd1e1 { draw }
1/2-1/2

[Event "Tourn. n8429"]
[Site "www.chess-mail.com"]
[Date "2015.11.15"]
[Round "1"]
[White "Norlavuaram"]
[Black "Libiesse"]
[WhiteElo "2190"]
[BlackElo "2070"]
[Result "1-0"]
[Round "1"]
1.e4 c5
2.Ng1f3 e6
3.c4 Nb8c6
4.Nb1c3 d6
5.g3 g6
6.Bf1g2 Bf8g7
7.O-O Ng8e7
8.d3 O-O
9.Bc1e3 Nc6d4
10.Ra1c1 Ne7c6
11.a3 b6
12.Nc3e2 Nd4xf3
13.Bg2xf3 Bg7xb2
14.Rc1b1 Bb2g7
15.Qd1a4 Bc8d7
16.Qa4c2 Nc6e5
17.Bf3g2 Ne5g4
18.Be3d2 h5
19.h3 Ng4f6
20.f4 Ra8b8
21.d4 cxd4
22.Ne2xd4 Qd8c7
23.Nd4b3 Rf8c8
24.Rb1c1 Bd7a4
25.Qc2b1 Ba4xb3
26.Qb1xb3 Nf6d7
27.Bd2e3 Nd7c5
28.Qb3c2 b5
29.cxb5 Rb8xb5
30.a4 Rb5b2
31.Qc2d1 Qc7a5
32.Qd1xd6 Bg7f8
33.Qd6e5 Bf8g7
34.Rc1xc5 Rc8xc5
35.Qe5xc5 Qa5xa4
36.Qc5xa7 Qa4xa7
37.Be3xa7 f6
38.Kh2 Rb2b7
39.Ba7g1 Kh7
40.e5 fxe5
41.Bg2xb7 { resign }
1-0

[Event "Match"]
[Site "www.echecsemail.com"]
[Date "2015.11.15"]
[Round "1"]
[White "Tbsundar"]
[Black "Irene"]
[WhiteElo "2070"]
[BlackElo "2000"]
[Result "0-1"]
[Round "1"]
1.d4 d5
2.c4 dxc4
3.e3 b5
4.a4 Bc8d7
5.axb5 Bd7xb5
6.b3 Qd8d5
7.Nb1c3 Qd5b7
8.bxc4 Bb5c6
9.d5 Bc6d7
10.Ra1b1 Qb7a6
11.Ng1f3 g6
12.c5 Qa6a5
13.c6 Bd7f5
14.Rb1b3 e6
15.Bc1d2 Bf8b4
16.Qd1c1 Ng8f6
17.Bf1e2 Nf6e4
18.Nc3xe4 Bb4xd2
19.Ne4xd2 Qa5xd5
20.Rb3b7 Nb8xc6
21.Be2b5 Kd7
22.Bb5xc6 Qd5xc6
23.Nf3e5 Ke8
 { time }
0-1

[Event "Match"]
[Site "www.echecsemail.com"]
[Date "2015.11.15"]
[Round "1"]
[White "Billyg"]
[Black "Genius7"]
[WhiteElo "1640"]
[BlackElo "1730"]
[Result "0-1"]
[Round "1"]
1.e4 c5
2.Ng1f3 Nb8c6
3.d4 cxd4
4.Nf3xd4 e5
5.Nd4xc6 bxc6
6.Bf1c4 Ng8f6
7.Bc1g5 Qd8a5
8.Nb1c3 Nf6xe4
9.O-O Ne4xg5
10.Rf1e1 Bf8e7
11.a3 d5
12.b4 Qa5c7
13.Bc4b3 O-O
14.b5 d4
15.Nc3e4 Ng5xe4
16.Re1xe4 Bc8f5
17.Re4e2 cxb5
18.Qd1e1 Be7f6
19.Ra1c1 e4
20.c4 bxc4
21.Bb3xc4 Qc7d7
22.Re2d2 Bf6g5
23.Rc1d1 Bg5xd2
24.Rd1xd2 Ra8c8
25.Bc4e2 d3
26.Be2f1 Rc8c2
27.Rd2xc2 dxc2
28.Qe1c1 Qd7d1
29.Qc1f4 c1Q
{ resign }
0-1

[Event "Match"]
[Site "www.echecsemail.com"]
[Date "2015.11.15"]
[Round "1"]
[White "Comrade"]
[Black "Terrible"]
[WhiteElo "2100"]
[BlackElo "2320"]
[Result "0-1"]
[Round "1"]
1.c4 c5
2.Nb1c3 b6
3.Ng1f3 Ng8f6
4.e3 Nb8c6
5.d4 cxd4
6.exd4 d5
7.Bc1f4 a6
8.cxd5 Nf6xd5
9.Bf4g3 g6
10.Nf3e5 Nc6xe5
11.Bg3xe5 Nd5f6
12.Bf1c4 Bf8g7
13.O-O O-O
14.Rf1e1 Bc8b7
15.Ra1c1 Ra8c8
16.Bc4b3 b5
17.f3 b4
18.Nc3e4 Rc8xc1
19.Ne4xf6 exf6
20.Qd1xc1 fxe5
21.dxe5 Qd8d4
22.Kh1 Bg7xe5
23.Qc1g5 Be5f6
24.Qg5c1 Rf8c8
25.Qc1h6 Qd4xb2
26.h3 Qb2c3
27.Re1d1 Bf6g7
28.Qh6f4 Rc8f8
29.Rd1c1 Qc3d4
30.Qf4c7 Qd4b2
31.Rc1c2 Bg7e5
32.Rc2xb2 Be5xc7
33.Bb3c4 a5
34.a3 Bc7d6
35.axb4 Bd6xb4
36.Kg1 Rf8c8
37.Bc4b3 Rc8c1
38.Kf2 Bb7a6
39.Bb3a4 Bb4e1
40.Ke3 Rc1c3
41.Kd4 Rc3c4
{ resign }
0-1

[Event "Match"]
[Site "www.echecsemail.com"]
[Date "2015.11.15"]
[Round "1"]
[White "Nugun"]
[Black "Acucar1"]
[WhiteElo "1580"]
[BlackElo "1520"]
[Result "0-1"]
[Round "1"]
1.c4 e5
2.Nb1c3 Ng8f6
3.g3 Bf8c5
4.Bf1g2 c6
5.Ng1f3 e4
6.Nf3g5 d5
7.b3 h6
8.Ng5xe4 dxe4
9.O-O O-O
10.d3 Bc5d4
11.Bc1b2 e3
12.f3 c5
13.Ra1b1 Nb8c6
14.f4 Nf6g4
15.Bg2d5 Nc6b4
16.Nc3b5 Ng4f2
17.Qd1c1 Bd4xb2
18.Qc1xb2 Nb4xd5
19.d4 Nd5xf4
20.Rf1xf2 exf2
21.Kxf2 Rf8e8
22.gxf4 Qd8h4
23.Kf1 Bc8h3
24.Kg1 Qh4g4
25.Kf2 Qg4g2
26.Ke1 Qg2f1
27.Kd2 Re8xe2
{ resign }
0-1

[Event "Match"]
[Site "www.echecsemail.com"]
[Date "2015.11.15"]
[Round "1"]
[White "Whitekknight"]
[Black "Lino"]
[WhiteElo "1960"]
[BlackElo "1799"]
[Result "0-1"]
[Round "1"]
1.e4 c5
2.Ng1f3 Nb8c6
3.Bf1c4 e6
4.Nb1c3 a6
5.d4 cxd4
6.Nf3xd4 Qd8c7
7.Nd4xc6 bxc6
8.Bc1e3 Ng8f6
9.a3 d5
10.exd5 cxd5
11.Bc4e2 Bf8d6
12.h3 Ra8b8
13.Ra1b1 Rb8xb2
14.Be3d2 Bd6xa3
15.O-O Rb2xb1
16.Qd1xb1 Ba3d6
17.Rf1e1 O-O
18.Bd2g5 Qc7xc3
19.Be2d3 h6
20.Bg5xh6 gxh6
21.Re1e3 Qc3d4
22.Re3e1 Bd6c5
23.Re1e2 e5
24.Bd3h7 Nf6xh7
{ resign }
0-1

[Event "Match"]
[Site "www.echecsemail.com"]
[Date "2015.11.15"]
[Round "1"]
[White "Mrmoto"]
[Black "Dulap"]
[WhiteElo "1560"]
[BlackElo "1639"]
[Result "0-1"]
[Round "1"]
1.e4 e5
2.Ng1f3 Nb8c6
3.Bf1b5 a6
4.Bb5a4 Ng8f6
5.O-O Bf8e7
6.c3 b5
7.Ba4b3 d6
8.Rf1e1 Bc8g4
9.d3 O-O
10.Nb1d2 Nc6a5
11.Bb3c2 c5
12.b4 Na5b7
13.a4 Qd8c7
14.a5 Rf8e8
15.Bc2b3 Ra8c8
16.c4 cxb4
17.Qd1c2 Nb7c5
18.d4 exd4
19.Nf3xd4 Nc5xb3
20.Nd2xb3 bxc4
21.Nb3d2 c3
22.Nd2b3 Qc7c4
23.e5 dxe5
24.Re1xe5 Be7d6
25.Re5xe8 Rc8xe8
26.Bc1e3 Nf6d5
27.Ra1e1 Nd5xe3
28.fxe3 Bd6e5
29.Nb3c1 Be5xd4
{ resign }
0-1

[Event "Match"]
[Site "www.echecsemail.com"]
[Date "2015.11.15"]
[Round "1"]
[White "Ruko"]
[Black "Bjonil60"]
[WhiteElo "1930"]
[BlackElo "1180"]
[Result "1-0"]
[Round "1"]
1.e4 Nb8c6
2.Ng1f3 h6
3.d4 a6
4.Nb1c3 f6
5.e5 fxe5
6.Nf3xe5 Nc6xe5
7.dxe5 e6
8.Qd1h5 Ke7
9.Bc1g5 Ng8f6
10.exf6 gxf6
11.Bg5h4 Kd6
12.Nc3e4 Ke7
13.Bh4xf6 
1-0

[Event "Match"]
[Site "www.echecsemail.com"]
[Date "2015.11.15"]
[Round "1"]
[White "Raulazo"]
[Black "Wagner"]
[WhiteElo "2020"]
[BlackElo "1720"]
[Result "1/2-1/2"]
[Round "1"]
1.e4 e5
2.Ng1f3 Nb8c6
3.Bf1c4 Ng8h6
4.d4 Qd8e7
5.Bc1xh6 gxh6
6.Nb1c3 Qe7b4
7.Qd1d3 exd4
8.Nf3xd4 Nc6xd4
9.Qd3xd4 Rh8g8
10.Qd4e5 Qb4e7
11.Qe5xe7 Bf8xe7
12.O-O c6
13.e5 b5
14.Bc4d3 Rg8g7
15.a4 b4
16.Nc3e2 d6
17.exd6 Be7xd6
18.Rf1e1 Kf8
19.Ne2d4 c5
20.Nd4f3 Bc8h3
21.g3 f6
22.Ra1d1 Bh3g4
23.Re1e3 Rg7e7
24.Kg2 Re7g7
25.Bd3e4 Ra8d8
26.h3 f5
27.hxg4 fxe4
28.Re3xe4 Rg7e7
29.Nf3d2 h5
30.gxh5 h6
31.Nd2c4 Bd6c7
32.Rd1e1 Re7xe4
33.Re1xe4 Rd8d1
34.Nc4e3 Rd1d2
35.Re4e6 Rd2d6
36.Re6e5 Rd6a6
37.Re5f5 Kg7
38.b3 Ra6a5
39.Ne3d5 Bc7d8
40.Nd5f4 Bd8e7
41.Nf4g6 Be7d8
42.Ng6e5 Ra5a6
43.f4 Ra6f6
44.Rf5xf6 Bd8xf6
45.Ne5d7 Bf6e7
46.Kf3 Kf7
47.Ke4 Ke6
48.Nd7b8 Kd6
49.f5 Be7f6
50.Kd3 Kd5
51.Nb8d7 Bf6d4
52.Nd7f8 Bd4f6
53.a5 a6
54.Nf8d7 Bf6e5
55.Nd7b6 Kc6
56.Nb6c4 Kd5
57.g4 Be5f6
58.Nc4e3 Ke5
59.Kc4 Kf4
60.Ne3d5 Kg5
61.Kxc5 Bf6d8
62.Nd5e3 Bd8xa5
63.Kd5 Ba5b6
64.Ne3c4 Bb6d8
65.Nc4e3 a5
66.Kc5 Bd8c7
67.Ne3d5 Bc7d8
68.Nd5e3 Bd8c7
69.Kd5 Bc7b6
70.Ke4 Bb6d8
71.Ke5 Bd8f6
72.Ke6 Bf6d4
73.Ne3d5 Kxg4
74.f6 Bd4xf6
75.Nd5xf6 Kf4
76.Nf6h7 Kg4
77.Nh7f6 Kg5
78.Kf7 Kf5
79.Kg7 Kg5
80.Kf7 Kf5
81.Kg7 Kg5
82.Kf7 Kf5
83.Kg7 Kg5
84.Kf7 { draw }
1/2-1/2

[Event "Match"]
[Site "www.echecsemail.com"]
[Date "2015.11.15"]
[Round "1"]
[White "Billyg"]
[Black "Dulap"]
[WhiteElo "1630"]
[BlackElo "999"]
[Result "0-1"]
[Round "1"]
1.e4 c5
2.Ng1f3 d6
3.Bf1b5 Bc8d7
4.Bb5xd7 Qd8xd7
5.O-O Ng8f6
6.e5 Nf6d5
7.exd6 exd6
8.Rf1e1 Bf8e7
9.d4 cxd4
10.Qd1xd4 Nd5f6
11.Bc1f4 Nb8c6
12.Qd4d3 O-O
13.Nb1c3 Rf8e8
14.Nf3g5 Ra8d8
15.Bf4e3 Nc6e5
16.Qd3e2 Ne5g6
17.Qe2c4 d5
18.Qc4e2 Nf6g4
19.h3 Ng4xe3
20.fxe3 Be7xg5
21.Qe2f3 Ng6e5
22.Qf3g3 Bg5f6
23.Ra1d1 Qd7c6
24.e4 Qc6b6
25.Kh1 Qb6xb2
26.Nc3xd5 Ne5g6
27.Nd5xf6 Qb2xf6
28.Rd1xd8 Re8xd8
29.e5 Qf6f4
30.Qg3b3 Qf4f2
31.Qb3b4 Ng6f4
32.Re1g1 Qf2xc2
33.Qb4xb7 Qc2xa2
34.Qb7c7 Qa2d5
35.Qc7xa7 Nf4xh3
36.Rg1f1 Nh3g5
37.Qa7e7 h6
38.Rf1e1 Ng5e6
39.Qe7h4 Qd5d4
40.Qh4h5 Qd4f2
41.Re1g1 Rd8d4
42.g3 Ne6g5
43.Qh5h2 Qf2xh2
44.Kxh2 Ng5f3
{ resign }
0-1

[Event "Match"]
[Site "www.echecsemail.com"]
[Date "2015.11.15"]
[Round "1"]
[White "Robinjut"]
[Black "Norbos"]
[WhiteElo "1580"]
[BlackElo "1600"]
[Result "1-0"]
[Round "1"]
1.e4 e5
2.Ng1f3 Ng8f6
3.Bf1d3 Bf8c5
4.Qd1e2 Nf6g4
5.O-O d6
6.b3 Nb8c6
7.Bd3b5 Bc8d7
8.Bb5xc6 Bd7xc6
9.d3 Bc6d7
10.d4 Bc5xd4
11.c3 Bd4b6
12.Nb1d2 a6
13.Nd2c4 Bd7b5
14.a4 Bb5d7
15.Nc4xb6 cxb6
16.h3 Ng4h6
17.Bc1g5 f6
18.Bg5xh6 gxh6
19.Ra1d1 Rh8g8
20.g4 f5
21.exf5 Bd7xf5
22.Nf3xe5 Bf5e6
23.Ne5c4 Qd8f6
24.Nc4xd6 Kf8
25.Nd6e4 Qf6f5
26.Ne4g3 Qf5f4
27.Qe2xe6  { time }
1-0

[Event "Match"]
[Site "www.echecsemail.com"]
[Date "2015.11.15"]
[Round "1"]
[White "Jakobs"]
[Black "Billyg"]
[WhiteElo "1499"]
[BlackElo "1640"]
[Result "0-1"]
[Round "1"]
1.g3 d5
2.d4 Nb8c6
3.Bf1g2 e5
4.Ng1f3 e4
5.Nf3e5 Nc6xe5
6.dxe5 Bc8g4
7.Nb1c3 Qd8d7
8.Nc3xd5 O-O-O
9.Bg2xe4 Qd7b5
10.f3 Bg4e6
11.a4 Qb5a5
12.b4 Qa5a6
13.Bc1e3 c6
14.b5 cxb5
15.axb5 Qa6xb5
16.g4 g6
17.Qd1d3 Qb5xd3
18.cxd3 Be6xd5
19.Ra1xa7 Kc7
20.O-O Bf8g7
21.f4 Ng8e7
22.f5 Bd5xe4
23.dxe4 Bg7xe5
24.Rf1b1 Rd8b8
25.Rb1c1 Ne7c6
26.Ra7a4 Rb8a8
27.Ra4c4 Kd7
28.Rc1d1 Ke7
29.Be3c5 Kf6
30.Rd1d7 Ra8a1
31.Kg2 Rh8d8
32.Rd7xb7 Kg7
33.Bc5b6 Rd8c8
34.Rc4c5 Ra1a2
35.Kf2 Be5d4
36.Kf3 Bd4xc5
37.Bb6xc5 Nc6e5
38.Kf4 Rc8xc5
39.Kg5 h6
40.Kf4 g5
41.Ke3 Ne5xg4
42.Kd4 Rc5a5
43.h3 Ng4f2
44.e5 Ra5a4
45.Kd5 Ra2d2
46.Kc6 Ra4c4
47.Kb5 Rc4c2
48.f6 Kg6
49.e6 Rc2b2
50.Kc6 Rb2xb7
{ resign }
0-1

[Event "1/16 Finale"]
[Site "www.chess-mail.com"]
[Date "2015.11.15"]
[Round "1"]
[White "Llord"]
[Black "Cristiano"]
[WhiteElo "1870"]
[BlackElo "2150"]
[Result "1/2-1/2"]
[Round "1"]
1.e4 c5
2.Ng1f3 d6
3.Bf1c4 e6
4.Bc4b5 Nb8d7
5.e5 dxe5
6.Nf3xe5 Ng8f6
7.Ne5xd7 Bc8xd7
8.Bb5xd7 Qd8xd7
9.O-O Bf8e7
10.d3 O-O
11.b3 b6
12.Qd1f3 Rf8d8
13.Nb1c3 b5
14.Bc1f4 a6
15.a3 Nf6d5
16.Nc3xd5 exd5
17.c4 bxc4
18.bxc4 d4
19.Ra1b1 Ra8a7
20.Rb1b3 Be7d6
21.Bf4xd6 Qd7xd6
22.Rf1b1 g6
23.Rb3b7 Rd8d7
24.Rb7xd7 Qd6xd7
25.Qf3f6 Ra7b7
26.Rb1xb7 Qd7xb7
27.h3 Qb7b1
28.Kh2 Qb1b8
29.g3 Qb8c8
30.Qf6d6 Kg7
31.Qd6e5 { draw }
1/2-1/2

[Event "Eq:Clubul Central de Sah-chibcha : "]
[Site "www.chess-mail.com"]
[Date "2015.11.15"]
[Round "1"]
[White "Calulalb"]
[Black "Tbsundar"]
[WhiteElo "2730"]
[BlackElo "2070"]
[Result "1-0"]
[Round "1"]
1.c4 e5
2.Nb1c3 Nb8c6
3.g3 Ng8f6
4.Ng1f3 d6
5.Bf1g2 Bc8e6
6.d4 Be6xc4
7.Qd1a4 e4
8.Qa4xc4 exf3
9.Bg2xf3 Qd8d7
10.O-O Bf8e7
11.Rf1d1 O-O
12.Bc1f4 Ra8b8
13.e4 Nc6a5
14.Qc4e2 b5
15.e5 Nf6e8
16.Ra1c1 Na5c4
17.b3 Nc4a3
18.Nc3d5 Be7d8
19.Bf3g4 f5
20.e6 Qd7c8
21.Bg4h5 g6
22.e7 gxh5
23.exf8Q Kxf8
24.Bf4h6 Kg8
25.Qe2xe8  { time }
1-0

[Event "Tourn. n8412"]
[Site "www.chess-mail.com"]
[Date "2015.11.16"]
[Round "1"]
[White "Vinvangogh"]
[Black "Neo"]
[WhiteElo "1600"]
[BlackElo "1830"]
[Result "0-1"]
[Round "1"]
1.Nb1c3 e6
2.e4 g6
3.d4 Bf8g7
4.Bf1b5 a6
5.Bb5c4 d6
6.b3 Nb8c6
7.d5 Bg7xc3
8.Bc1d2 Bc3xa1
9.Qd1xa1 Nc6e5
10.Ng1f3 Qd8f6
11.O-O Bc8d7
12.Bd2g5 Qf6g7
13.a4 h6
14.Bg5f4 O-O-O
15.Bf4xe5 dxe5
16.Nf3xe5 f6
17.Ne5g4 e5
18.Qa1c3 h5
19.d6 cxd6
20.Bc4xa6 Kb8
21.Qc3b4 Bd7c6
22.Rf1d1 hxg4
23.Qb4d2 bxa6
24.Qd2b4 Bc6b7
25.c4 Qg7h7
26.f3 Qh7xh2
27.Kf2 g3
28.Ke3 d5
29.exd5 Qh2xg2
30.Rd1d2 Qg2g1
31.Ke4 Rh8h4
32.Kd3 Rh4d4
33.Kc3 Qg1c1
34.Rd2c2 Qc1e3
35.Kb2 Qe3xf3
36.Rc2c3 Qf3e2
37.Rc3c2 Qe2f1
38.Rc2d2 Rd4xd2
39.Qb4xd2 g2
40.d6 g1Q
41.Qd2a5 Qg1d4
42.Ka3 Qd4xd6
43.c5 Qf1a1
44.Kb4 Qd6d4

0-1

[Event "Tourn. n8441"]
[Site "www.chess-mail.com"]
[Date "2015.11.16"]
[Round "1"]
[White "Gatrooper"]
[Black "Dulap"]
[WhiteElo "1630"]
[BlackElo "1639"]
[Result "0-1"]
[Round "1"]
1.e4 e5
2.a3 Ng8f6
3.Nb1c3 Nb8c6
4.Ng1f3 Bf8e7
5.h3 d6
6.Bf1b5 Bc8d7
7.Bb5xc6 Bd7xc6
8.d3 O-O
9.Bc1g5 h6
10.Bg5xf6 Be7xf6
11.Qd1e2 Rf8e8
12.O-O d5
13.exd5 Bc6xd5
14.Nc3xd5 Qd8xd5
15.c4 Qd5d7
16.Qe2e4 Ra8d8
17.Ra1d1 Qd7a4
18.g4 Qa4b3
19.Nf3d2 Qb3xb2
20.Nd2f3 Qb2xa3
21.h4 Qa3e7
22.g5 hxg5
23.h5 g4
24.Qe4xg4 e4
25.dxe4 Rd8xd1
26.Rf1xd1 Qe7xe4
27.Qg4xe4 Re8xe4
28.Nf3h2 Re4xc4
29.f3 a5
30.Nh2g4 Bf6g5
31.Rd1d8 Bg5xd8
32.Ng4e5 Rc4f4
33.Kg2 a4
34.Ne5d3 Rf4h4
35.Nd3c5 b6
36.Nc5xa4 Rh4xa4
37.Kg3 b5
38.f4 b4
39.Kg4 b3
40.Kf5 b2
{ resign }
0-1

[Event "Tourn. n8447"]
[Site "www.chess-mail.com"]
[Date "2015.11.16"]
[Round "1"]
[White "Hundegana"]
[Black "Francesco"]
[WhiteElo "1990"]
[BlackElo "1920"]
[Result "1/2-1/2"]
[Round "1"]
1.e4 c6
2.d4 d5
3.e5 Bc8f5
4.Bf1d3 Bf5xd3
5.Qd1xd3 e6
6.Ng1e2 Nb8d7
7.O-O c5
8.c3 cxd4
9.cxd4 Ng8e7
10.g4 Ne7g6
11.Qd3g3 Bf8e7
12.g5 Qd8b6
13.Nb1d2 O-O-O
14.Nd2b3 Kb8
15.Bc1d2 Rd8c8
16.Ra1c1 a6
17.Rc1xc8 Rh8xc8
18.Rf1c1 Rc8xc1
19.Ne2xc1 Be7b4
20.Bd2xb4 Qb6xb4
{ draw }
1/2-1/2

[Event "Tourn. n8457"]
[Site "www.chess-mail.com"]
[Date "2015.11.16"]
[Round "1"]
[White "Dulap"]
[Black "Gatrooper"]
[WhiteElo "1619"]
[BlackElo "1620"]
[Result "1-0"]
[Round "1"]
1.e4 e5
2.Ng1f3 Nb8c6
3.Bf1b5 a6
4.Bb5a4 h6
5.O-O Ng8f6
6.Ba4xc6 dxc6
7.Nf3xe5 Bf8d6
8.Ne5f3 Nf6g4
9.h3 Ng4f6
10.e5 Bd6xe5
11.Nf3xe5 Bc8e6
12.d4 O-O
13.Nb1c3 Be6f5
14.Qd1f3 Bf5xc2
15.Qf3g3 g5
16.h4 Bc2g6
17.Ne5xg6 fxg6
18.hxg5 hxg5
19.Bc1xg5 Qd8xd4
20.Bg5e3 Qd4d3
21.Ra1d1 Qd3f5
22.Qg3xc7 Rf8f7
23.Rd1d8 Ra8xd8
24.Qc7xd8 Rf7f8
25.Qd8e7 Nf6d5
26.Nc3xd5 cxd5
27.Qe7xb7 Rf8f7
28.Qb7xa6 Kh7
29.a4 Qf5h5
30.Qa6e6 Rf7g7
31.Rf1d1 Qh5xd1
32.Kh2 Qd1xa4
33.Qe6xd5 Qa4h4
34.Kg1 g5
35.Qd5f5 Kh8
36.Be3d2 g4
37.Bd2c3 g3
38.Qf5f8 Kh7
39.Qf8xg7 { resign }
1-0

[Event "Tourn. n8434"]
[Site "www.chess-mail.com"]
[Date "2015.11.16"]
[Round "1"]
[White "Malbertan"]
[Black "Osopanda"]
[WhiteElo "2080"]
[BlackElo "1860"]
[Result "0-1"]
[Round "1"]
1.e4 c5
2.Ng1f3 d6
3.d4 cxd4
4.Qd1xd4 Ng8f6
5.e5 Nb8c6
6.Bf1b5 Nf6d7
7.Bb5xc6 bxc6
8.exd6 exd6
9.O-O Nd7f6
10.Rf1e1 Bc8e6
11.Nf3g5 Bf8e7
12.Ng5xe6 fxe6
13.Re1xe6 O-O
14.Bc1f4 c5
15.Qd4e3 Nf6d5
16.Qe3b3 Rf8xf4
17.Qb3xd5 Kh8
18.Re6xe7 Qd8xe7
19.Nb1c3 Ra8e8
20.g3 Rf4d4
21.Qd5f3 Re8f8
22.Qf3c6 Qe7f6
23.Ra1f1 Rd4d2
24.Nc3e4 Qf6f3
{ resign }
0-1